| 000 -LEADER |
| fixed length control field |
00605nam a2200193Ia 4500 |
| 008 - FIXED-LENGTH DATA ELEMENTS--GENERAL INFORMATION |
| fixed length control field |
190805s9999||||xx |||||||||||||| ||und|| |
| 020 ## - INTERNATIONAL STANDARD BOOK NUMBER |
| International Standard Book Number |
9789332568853 |
| Terms of availability |
Rs. 689.00 |
| 082 04 - DEWEY DECIMAL CLASSIFICATION NUMBER |
| Classification number |
658.403 |
| Item number |
R2926 |
| 100 1# - MAIN ENTRY--PERSONAL NAME |
| Personal name |
Render, Barry |
| 245 10 - TITLE STATEMENT |
| Title |
Quantitative Analysis for Management / |
| 250 ## - EDITION STATEMENT |
| Edition statement |
12th ed. |
| 260 ## - PUBLICATION, DISTRIBUTION, ETC. (IMPRINT) |
| Place of publication, distribution, etc |
Noida : |
| Name of publisher, distributor, etc |
Pearson India Education Ltd., |
| Date of publication, distribution, etc |
2016, reprinted 2018 |
| 300 ## - PHYSICAL DESCRIPTION |
| Extent |
xviii, 621 p. |
| Other physical details |
: ill. |
| Dimensions |
; 28 cm. |
| 650 #0 - SUBJECT ADDED ENTRY--TOPICAL TERM |
| Topical term or geographic name as entry element |
Management science |
| Form subdivision |
Textbooks |
| 700 1# - ADDED ENTRY--PERSONAL NAME |
| Personal name |
Hanna, Michael E. |
| 700 1# - ADDED ENTRY--PERSONAL NAME |
| Personal name |
Stair, Ralph M. |
| 852 ## - LOCATION/CALL NUMBER |
| Location |
|
| 942 ## - ADDED ENTRY ELEMENTS (KOHA) |
| Item type |
Books |